Duolingo German Units - Sudden Death - Statistics

General Stats
  • This quiz has been taken 24 times
  • The average score is 3 of 9
Answers on the Grid
Answers color-coded by a green-red scale on the quiz's grid according to % correct below.
Ask for directions
Describe scenery
Describe your family
Discuss about retirement
Form plural adjectives
Greet people
Help an elderly couple cross the road
Order at a restraunt
Order in a cafe
Order in a restaurant
Say where you're from
Talk about Duolingo
Talk about food and drink
Talk about hobbies
Talk about school
Talk about work
Use adjectives
Use JetPunk vocabulary
Use the accusative case
Use the present tense
 
Answer Stats
Answer % Correct
Ask for directions
85%
Describe your family
46%
Greet people
31%
Order in a restaurant
31%
Order in a cafe
23%
Talk about work
15%
Use adjectives
15%
Use the present tense
15%
Say where you're from
8%
No matching quizzes found
Score Distribution
Percent of People with Each Score
Percentile by Number Answered
Your Score History
You have not taken this quiz